A textbook of power plant engineering (Record no. 11931)

000 -LEADER
fixed length control field 00413nam a22001577a 4500
008 - FIXED-LENGTH DATA ELEMENTS--GENERAL INFORMATION
fixed length control field 210813b ||||| |||| 00| 0 eng d
020 ## - INTERNATIONAL STANDARD BOOK NUMBER
International Standard Book Number 9789350143841
082 ## - DEWEY DECIMAL CLASSIFICATION NUMBER
Classification number 621.4
Item number SHA
100 ## - MAIN ENTRY--PERSONAL NAME
Personal name Sharma, P. C.
245 ## - TITLE STATEMENT
Title A textbook of power plant engineering
260 ## - PUBLICATION, DISTRIBUTION, ETC. (IMPRINT)
Place of publication, distribution, etc New Delhi
Name of publisher, distributor, etc S.K. Kataria & Sons
Date of publication, distribution, etc 2019
300 ## - PHYSICAL DESCRIPTION
Extent xii, 694p.
650 ## - SUBJECT ADDED ENTRY--TOPICAL TERM
Topical term or geographic name as entry element Power plant
650 ## - SUBJECT ADDED ENTRY--TOPICAL TERM
Topical term or geographic name as entry element Nuclear power plants
942 ## - ADDED ENTRY ELEMENTS (KOHA)
Item type Books
Holdings
Withdrawn status Lost status Source of classification or shelving scheme Damaged status Not for loan Collection code Permanent location Current location Shelving location Date acquired Full call number Barcode Date last seen Koha item type Public note
          Non-fiction IMU-MPC Library IMU-MPC Library General Stacks 2021-08-13 621.4 SHA MPC6378 2025-03-17 Books Column-1
Copyright © 2021 Indian Maritime University, Mumbai Port Campus. All Rights Reserved. Managed & Maintained by Central Library, IMU-Mumbai

webs counters

Powered by Koha